Las mil mejores poesías de la lengua castellana (Record no. 186417)

MARC details
000 -LEADER
campo de control de longitud fija 00866nam a2200229 i 4500
001 - NÚMERO DE CONTROL
campo de control 186417
003 - IDENTIFICADOR DE NÚMERO DE CONTROL
campo de control ES-MaACL
005 - FECHA Y HORA DE LA ÚLTIMA TRANSACCIÓN
campo de control 20251201193401.0
008 - DATOS DE LONGITUD FIJA--INFORMACIÓN GENERAL
campo de control de longitud fija 161108s1973 sp |||| | spa d
020 ## - NÚMERO INTERNACIONAL ESTÁNDAR DEL LIBRO
Número Internacional Estándar del Libro 84-7083-061-09
080 ## - NÚMERO DE LA CLASIFICACIÓN DECIMAL UNIVERSAL
Número de la Clasificación Decimal Universal 821.134.2-1(082.2)
080 ## - NÚMERO DE LA CLASIFICACIÓN DECIMAL UNIVERSAL
Número de la Clasificación Decimal Universal 821.134.2(7/8)-1(082.2)
245 04 - MENCIÓN DEL TÍTULO
Título Las mil mejores poesías de la lengua castellana
Resto del título : (ocho siglos de poesía española e hispanoamericana) /
Mención de responsabilidad, etc. Juan B. Bergua.
250 ## - MENCION DE EDICION
Mención de edición 23ª ed., 2ª tirada, mejorada y enriquecida con nvas. poesías.
260 ## - PUBLICACIÓN, DISTRIBUCIÓN, ETC.
Lugar de publicación, distribución, etc. Madrid :
Nombre del editor, distribuidor, etc. Ibéricas,
Fecha de publicación, distribución, etc. 1973.
300 ## - DESCRIPCIÓN FÍSICA
Extensión 810 p. ;
Dimensiones 17 cm.
650 #7 - PUNTO DE ACCESO ADICIONAL DE MATERIA--TÉRMINO DE MATERIA
Término de materia o nombre geográfico como elemento de entrada Poesías españolas
Fuente del encabezamiento o término embne
9 (RLIN) 16214
650 #4 - PUNTO DE ACCESO ADICIONAL DE MATERIA--TÉRMINO DE MATERIA
Término de materia o nombre geográfico como elemento de entrada Poesías hispanoamericanas.
9 (RLIN) 148477
700 1# - ENTRADA AGREGADA--NOMBRE PERSONAL
Nombre de persona Bergua, Juan B.,
Fechas asociadas al nombre 1892-1991
9 (RLIN) 28018
852 ## - LOCALIZACIÓN
Ubicación ES-MaACL
Número de control de estantería L-30779
Nota libre - Enc. guaflex
-- . - Donat. Miguel A. Velasco
Holdings
Estatus retirado Estado de pérdida Estado de daño No para préstamo Biblioteca de origen Biblioteca actual Ubicación en estantería Fecha de adquisición Fuente de adquisición Total de préstamos Signatura topográfica completa Código de barras Visto por última vez Precio de reemplazo Tipo de ítem Koha
        Biblioteca del Ateneo de Madrid Biblioteca del Ateneo de Madrid Depósito 2 08/11/2016     L-30779 1196578 23/02/2023 23/02/2023 Libro impreso